=LDR 00000nam 2200000 4500 =001 INLIS000000000007664 =005 20231214083953 =035 ##$$a 0010-061300000007664 =008 231214###########################0###### =041 ##$$a Ind =082 ##$$a 150.1 =090 ##$$a 400.1, Sum b =100 ##$$a Sarwono, Sartito Wirawan =245 1#$$a Perkenalan dengan aliran-aliran dan tokoh-tokoh psikologi, DR. Sartito Wirawan Sarwono =260 ##$$a 1978 :$b Jakarta =300 ##$$a 207 hlm, 21 cm =650 #4$$a Psikologi =850 ##$$a NBPNMAT =084 ##$$a 150.1 SAR p =990 ##$$a 6923/Pro.86